00807nam a2200217 a 4500003000400000005001700004008004100021020002900062040001700091082002300108100002000131245006500151250001300216260002500229300003200254500001900286500002400305505020900329650002200538700002900560IIN20250324130748.0250324s9999 xx ad 001 0 eng d cRs.678.90a9789354669934 aIINbEnglish a612 bJOH1 aChatterjee, C.C a Human PhysiologycCC Chatterjee; edited by Nitin Ashok John a 15th ed bCBSaNew Delhic2025 axx, 540 p. / V.1bcol. ill. aIncludes Index aIncludes Appendices aV.1: General Physiology, Blood, Nerve and Muscle, Cardiovascular System, Respiratory system, Gastro-intestinal Tract, Renal Physiology V.2: Endocrines, Reproductive System, Nervous System, Special Senses1 aPhysiologyvHuman1 aJohn, Nitin Ashok, (ed.)